PHYSICS: COMPUTER & ELECTRONICS BRANCH -I SEM (Record no. 8824)

MARC details
000 -LEADER
fixed length control field 00298nam a22001217a 4500
005 - DATE AND TIME OF LATEST TRANSACTION
control field 20250911124737.0
008 - FIXED-LENGTH DATA ELEMENTS--GENERAL INFORMATION
fixed length control field 250911b |||||||| |||| 00| 0 eng d
041 ## - LANGUAGE CODE
Language code of text/sound track or separate title eng
245 ## - TITLE STATEMENT
Title PHYSICS: COMPUTER & ELECTRONICS BRANCH -I SEM
260 ## - PUBLICATION, DISTRIBUTION, ETC. (IMPRINT)
Place of publication PATNA
Name of publisher ADITYA PRAKASHAN
300 ## - PHYSICAL DESCRIPTION
Number of Pages 222;P
942 ## - ADDED ENTRY ELEMENTS (KOHA)
Koha item type Books
Holdings
Lost status Damaged status Collection code Home library Current library Shelving location Date acquired Source of acquisition Cost, normal purchase price Accession Number Koha item type
    CS/IT JRU Library JRU Library SHELF-56-A 10/09/2025 DONATION 120.00 0078/D Books